| 000 | 03182cas a2200565 a 4500 | ||
|---|---|---|---|
| 001 | 13707872 | ||
| 003 | OSt | ||
| 005 | 20160229170050.0 | ||
| 008 | 040901d20012001vauuu 0 a0eng c | ||
| 010 | _a 2004208749 | ||
| 035 | _a(OCoLC)ocm47016159 | ||
| 040 | _aSEKU | ||
| 042 | _apcc | ||
| 050 | 0 | 0 |
_aK 3538 _b.A 933 |
| 245 | 0 | 0 |
_aSupplement to the international codes / _cInternational Code Council. |
| 260 |
_aFalls Church, Va. : _bInternational Code Council, _cc2001. |
||
| 300 |
_av. : _bill. ; _c28 cm. |
||
| 362 | 0 | _a2001. | |
| 515 | _aIssue for 2001 supplements the 2000 ed. of the various codes. | ||
| 550 | _aPublished in cooperation with: Building Officials and Code Administrators International, Inc., International Conference of Building Officials, and: Southern Building Code Congress International, Inc. | ||
| 580 | _aSupplement to: International building code; ICC electrical code; International energy conservation code; International fire code; International fuel gas code; International mechanical code; International plumbing code; International private sewage disposal code; International property maintenance code; and: International residential code. | ||
| 580 | _aContinues the 1999 accumulative supplement to the International plumbing code, International private sewage disposal code ... | ||
| 650 | 0 |
_aBuilding laws _vPeriodicals. |
|
| 650 | 0 |
_aPlumbing _xStandards _vPeriodicals. |
|
| 650 | 0 |
_aFire prevention _xStandards _vPeriodicals. |
|
| 650 | 0 |
_aHousing _xStandards _vPeriodicals. |
|
| 650 | 0 |
_aSewage disposal _xStandards _vPeriodicals. |
|
| 650 | 0 |
_aStandards, Engineering _vPeriodicals. |
|
| 650 | 0 |
_aEnergy conservation _xStandards _vPeriodicals. |
|
| 650 | 0 |
_aElectricity _xStandards _vPeriodicals. |
|
| 710 | 2 | _aInternational Code Council. | |
| 710 | 2 | _aBuilding Officials and Code Administrators International. | |
| 710 | 2 | _aInternational Conference of Building Officials. | |
| 710 | 2 | _aSouthern Building Code Congress International. | |
| 730 | 0 | _aInternational building code. | |
| 730 | 0 | _aICC electrical code. | |
| 730 | 0 | _aInternational energy conservation code. | |
| 730 | 0 | _aInternational fire code. | |
| 730 | 0 | _aInternational fuel gas code. | |
| 730 | 0 | _aInternational mechanical code. | |
| 730 | 0 | _aInternational plumbing code. | |
| 730 | 0 | _aInternational private sewage disposal code. | |
| 730 | 0 | _aInternational property maintenance code. | |
| 730 | 0 | _aInternational residential code for one- and two-family dwellings. | |
| 772 | 1 |
_tInternational ... code _w(DLC) 00242102 _w(DLC)sn 99038368 _w(DLC) 00242103 _w(DLC)sn 99038371 _w(DLC) 96648276 _w(DLC) 95648359 _w(DLC) 95648457 _w(DLC)sn 99038370 _w(DLC) 00242104 |
|
| 780 | 1 | 0 | _tAccumulative supplement to the International plumbing code, International private sewage disposal code, and the ... supplement to the International mechanical code, International fuel gas code, International energy conservation code, International property maintenance code, International zoning code |
| 785 | 0 | 0 |
_tAccumulative supplement to the international codes _x1550-0675 _w(DLC) 2004208577 _w(OCoLC)50881101 |
| 942 |
_2lcc _cGEN |
||
| 999 |
_c11668 _d11668 |
||